Fundamentals of managerial finance

Bibliographic Details
Main Author: Neveu, Raymond P. (Author)
Format: Book
Published: Cincinnati : South-Western , 1985
Edition:2nd. ed.
Subjects:

MARC

LEADER 00000cam a2200000 7i4500
001 0000006549
005 20021119093000.0
008 021119n
020 |a 0538061103 
050 0 0 |a HG4026   |b .N48 
090 0 0 |a HG4026   |b .N48 
100 0 |a Neveu, Raymond P. ,   |e author 
245 0 0 |a Fundamentals of managerial finance   |c Raymond P. Neveu 
250 |a 2nd. ed. 
260 2 |a Cincinnati :   |b South-Western ,   |c 1985 
300 |a 722 p. ; ;   |c 24 cm. + 3 diskettes. 
504 |a Includes bibliographies and index 
650 0 |a Business enterprises   |x Finance 
650 0 |a Corporations   |x Finance 
999 |a 1000018121   |b Book   |c OPEN SHELF (30 DAYS)   |e Gong Badak Campus 
999 |a 1000018122   |b Book   |c OPEN SHELF (30 DAYS)   |e Gong Badak Campus 
999 |a 1000018123   |b Book   |c OPEN SHELF (30 DAYS)   |e Gong Badak Campus